01622nam a2200433 i 450000100060000000300080000600500170001400600190003100700150005000800410006502000180010602000270012403500230015103500240017403500250019803500210022304000310024405000230027508000080029808200140030624501310032026400450045130000410049633600310053733700330056833800430060158801270064459001590077165000190093065000210094965000180097065000150098865000210100365500270102470000390105179700190109085600620110999900170117131032FlNmELB20241216220626.0m o d | cr cnu||||||||170215s2016 ag o 000 0 spa d z9789874000316 a9789874000392 (e book) a(MiAaPQ)EBC4760522 a(Au-PeEL)EBL4760522 a(CaPaEBR)ebr11312503 a(OCoLC)984773737 aFINmELBbspaerdacFINmELB 4aHT166bC15312 2016 a7110 a711.422300aCalidad de vida en el sistema urbano :buna aproximación teórica y metodológica /cCarlos Alberto Díscoli [y otros 7]. 1aBuenos Aires :bEditorial Nobuko,c2016. a1 recurso en línea (268 páginas) atextobtxt2rdacontent/spa acomputadorabc2rdamedia/spa arecurso en líneabcr2rdacarrier/spa aDescripción basada en recurso en línea; Título de la página del título en PDF (e-libro, visto Februar 15, 2017). aRecurso electronico. Santa Fe, Arg. : e-libro, 2016. Disponible via World Wide Web. El acceso puede ser limitado para las bibliotecas afiliadas a e-libro. 0aCity planning. 0aQuality of life. 0aArchitecture. 4aUrbanismo. 4aCalidad de vida. 4aLibros electrónicos.1 aDíscoli, Carlos Alberto,eautor.2 ae-libro, Corp.40uhttps://elibro.net/ereader/politecnicointernacional/77411 c31032d31032